LAPORAN TAHUNAN 2020 : (Record no. 188071)

MARC details
000 -LEADER
fixed length control field 00962nas a22002417i 4500
005 - DATE AND TIME OF LATEST TRANSACTION
control field 20220630143600.0
008 - FIXED-LENGTH DATA ELEMENTS--GENERAL INFORMATION
fixed length control field 200712s2020 my ar||| |||| 00| 0 may d
020 ## - INTERNATIONAL STANDARD BOOK NUMBER
Qualifying information paperback
040 ## - CATALOGING SOURCE
Original cataloging agency PPAK
Language of cataloging eng
Transcribing agency PPAK
Description conventions rda
082 04 - DEWEY DECIMAL CLASSIFICATION NUMBER
Edition number 23
Classification number 658.309595112
090 00 - LOCALLY ASSIGNED LC-TYPE CALL NUMBER (OCLC); LOCAL CALL NUMBER (RLIN)
Classification number (OCLC) (R) ; Classification number, CALL (RLIN) (NR) 658.309595112
Local cutter number (OCLC) ; Book number/undivided call number, CALL (RLIN) KED
Feature heading KK
110 1# - MAIN ENTRY--CORPORATE NAME
Corporate name or jurisdiction name as entry element Kedah.
Subordinate unit Pejabat Setiausaha Kerajaan Negeri Kedah,
Relator term issuing body.
245 10 - TITLE STATEMENT
Title LAPORAN TAHUNAN 2020 :
Remainder of title BAHAGIAN PENGURUSAN SUMBER MANUSIA /
Statement of responsibility, etc. PEJABAT SETIAUSAHA KERAJAAN NEGERI KEDAH DARUL AMAN
264 #1 - PRODUCTION, PUBLICATION, DISTRIBUTION, MANUFACTURE, AND COPYRIGHT NOTICE
Place of production, publication, distribution, manufacture Alor Setar, Kedah :
Name of producer, publisher, distributor, manufacturer Bahagian Pengurusan Sumber Manusia, Pejabat Setiausaha Kerajaan Negeri Kedah,
Date of production, publication, distribution, manufacture, or copyright notice [2020]
300 ## - PHYSICAL DESCRIPTION
Extent 90 pages :
Other physical details colour photographs, colour charts ;
Dimensions 27 cm
336 ## - CONTENT TYPE
Source rdacontent
Content type term text
337 ## - MEDIA TYPE
Source rdamedia
Media type term unmediated
338 ## - CARRIER TYPE
Source rdacarrier
Carrier type term volume
650 10 - SUBJECT ADDED ENTRY--TOPICAL TERM
Topical term or geographic name entry element Personnel management
Geographic subdivision Malaysia
-- Kedah
Topical term or geographic name entry element Employees
Geographic subdivision Malaysia
-- Kedah
Topical term or geographic name entry element Government publications
Geographic subdivision Malaysia
942 ## - ADDED ENTRY ELEMENTS (KOHA)
Source of classification or shelving scheme Dewey Decimal Classification
Koha item type Serial
Holdings
Withdrawn status Lost status Source of classification or shelving scheme Damaged status Not for loan Collection code Home library Current library Shelving location Date acquired Cost, normal purchase price Total Checkouts Full call number Barcode Date last seen Copy number Cost, replacement price Price effective from Koha item type
    Dewey Decimal Classification   Not For Loan RFID Perpustakaan Alor Setar Perpustakaan Alor Setar KK 24/07/2022 0.00   KK 658.309595112 KED A00743956 24/07/2022 H046956 10.00 24/07/2022 Serial
    Dewey Decimal Classification   Not For Loan   Perpustakaan Awam Sungai Petani Perpustakaan Awam Sungai Petani KK 24/07/2022 0.00   KK 658.309595112 KED A00743957 24/07/2022 H046957 10.00 24/07/2022 Serial